Tradičné a nové nástroje riadenia rizika na finančnom trhu bakalárska práca

Saved in:
Bibliographic Details
Main Author: Matúšek, Miloš
Corporate Author: Národohospodárska fakulta EU. Katedra bankovníctva a medzinárodných financií
Other Authors: Šturc, Boris, 1961-
Format: Book
Language:Slovak
Published: Bratislava 2021
Tags: Add Tag
No Tags, Be the first to tag this record!

MARC

LEADER 00000nbm a2200000 4500
001 0275132
005 20220110114030.3
041 0 |a slo 
044 |a SK 
245 1 0 |a Tradičné a nové nástroje riadenia rizika na finančnom trhu  |b bakalárska práca  |c Miloš Matúšek ; školiteľ: Boris Šturc 
264 1 |a Bratislava  |c 2021 
300 |a 44 s. 
100 1 |a Matúšek, Miloš 
700 1 |a Šturc, Boris, 1961- 
710 2 |a Národohospodárska fakulta EU. Katedra bankovníctva a medzinárodných financií